Most streamed songs : Slipknot - Statistics

General Stats
  • This quiz has been taken 108 times
    107 since last reset
  • The average score is 13 of 20
Answer Stats
Rank Number of streams Song Album % Correct
1. 867 249 257 Duality Vol.3: The Subliminal Verses
97%
2. 673 220 152 Psychosocial All Hope Is Gone
94%
4. 497 388 263 Wait and Bleed Slipknot
82%
3. 587 457 643 Before I Forget Vol.3: The Subliminal Verses
80%
13. 168 971 731 Eyeless Slipknot
79%
11. 175 396 512 People = Shit Iowa
77%
15. 152 284 703 (sic) Slipknot
76%
5. 408 865 826 The Devil In I .5: The Gray Chapter
76%
8. 294 478 754 Custer .5: The Gray Chapter
74%
6. 381 602 242 Snuff All Hope Is Gone
71%
14. 168 635 518 Nero Forte We Are Not Your Kind
67%
18. 114 682 129 Sulfur All Hope Is Gone
67%
7. 324 230 321 Unsainted We Are Not Your Kind
67%
9. 214 636 082 Spit It Out Slipknot
61%
20. 102 967 976 Surfacing Slipknot
55%
19. 106 547 110 Left Behind Iowa
53%
12. 170 511 684 Dead Memories All Hope Is Gone
52%
10. 179 047 130 Vermilion, Pt.2 Vol.3: The Subliminal Verses
47%
16. 135 750 231 Killpop .5: The Gray Chapter
44%
17. 129 650 037 All Out Life Eponymous single
30%
No matching quizzes found
Score Distribution
Percent of People with Each Score
Percentile by Number Answered
Your Score History
You have not taken this quiz since the last reset